Technológia obnovy budov : obnova tradičných murovaných konštrukcií

Gespeichert in:
Bibliographische Detailangaben
1. Verfasser: Makýš, Oto, 1962- (Verfasst von)
Weitere Verfasser: Krušinský, Peter (Rezension), Závacký, Jozef (Rezension)
Format: Buch
Sprache:Slowakisch
Veröffentlicht: Bratislava : Slovenská technická univerzita v Bratislave, 2014
Ausgabe:1.vyd.
Schlagworte:
Tags: Tag hinzufügen
Keine Tags, Fügen Sie das erste Tag hinzu!

MARC

LEADER 00000nam a22000003a 4500
001 0001628
003 SK-STU
005 20220317192126.9
007 ta
008 150119s -------||||||||||-|||-||----d
020 |a 978-80-227-4285-6 
041 0 |a slo 
044 |a xo 
100 1 |a Makýš, Oto,  |d 1962-  |u V270  |4 aut  |9 100  |r Z1  |U SvF Stavebná fakulta  |T SvF Katedra technológie stavieb  |X 832  |U V270  |Y 28  |7 A000000832 
242 0 0 |a Technology of Buildign Renovation  |y eng 
245 1 0 |a Technológia obnovy budov :  |b obnova tradičných murovaných konštrukcií 
250 |a 1.vyd. 
260 |a Bratislava :  |b Slovenská technická univerzita v Bratislave,  |c 2014 
300 |a 166 s. 
650 0 4 |a história a technológia 
700 1 |a Krušinský, Peter  |r Z5  |4 rev 
700 1 |a Závacký, Jozef  |r Z5  |4 rev 
996 |b 284V036491  |c V* 43358/S-15  |l VVT  |s A  |a 24  |w 0001628_0001 
996 |b 284V036490  |c V* 43359/S-15  |l VVS  |s A  |a 24  |w 0001628_0002